000 00589nam a22002177a 4500
003 UA-OsUOA
001 66450
007 ta
008 20091229b un ||||| |||| 00| 0 ukr d
090 _a7.011
_bР17
942 _cBK
040 _aUA-OsUOA
_bukr
_cUA-OsUOA
_dUA-OsUOA
245 _aРазом Киъвська, Харкывська, Львывська Академыя мистецтв
300 _a78 с.
955 _a2
041 _aukr
080 _a7.011
260 _aК.
_c2009
650 7 _a7.0 Загальні питання мистецтва
_2UDC
999 _c352463
_d352463